LEADER 04516oam 2200661 c 450 001 996308790203316 005 20220221094418.0 010 $a3-8394-3438-6 024 7 $ahttp://dx.doi.org/10.14361/9783839434383 035 $a(CKB)3710000000981968 035 $a(OAPEN)1007777 035 $a(DE-B1597)473111 035 $a(OCoLC)965702001 035 $a(OCoLC)975223258 035 $a(DE-B1597)9783839434383 035 $a(MiAaPQ)EBC4818954 035 $a(MiAaPQ)EBC6695142 035 $a(Au-PeEL)EBL6695142 035 $a(ScCtBLL)afed8451-9b39-41d4-b9b2-4696b3b42164 035 $a(transcript Verlag)9783839434383 035 $a(EXLCZ)993710000000981968 100 $a20220221d2016 uy 0 101 0 $ager 135 $auuuuu---auuuu 181 $ctxt$2rdacontent 182 $cc$2rdamedia 183 $acr$2rdacarrier 200 00$aPha?nomen Ho?rbuch$eInterdisziplina?re Perspektiven und medialer Wandel$fStephanie Bung, Jenny Schro?dl 205 $a1st ed. 210 $aBielefeld$ctranscript Verlag$d2016 215 $a1 online resource 225 0 $aEdition Kulturwissenschaft$v95 311 $a3-8376-3438-8 327 $aFrontmatter 1 Inhalt 5 Vorwort 7 Ist es u?berhaupt ein Buch? 17 Das gesprochene Wort im Kommunikationsraum 33 Bu?cher, die man ho?ren kann, oder: U?ber das Fehlen editionswissenschaftlich informierter Audioeditionen 59 Das Ho?rbuch als Kunst, oder: Kritik eines popula?ren Gattungsbegriffs 69 Ho?rbuch oder Ho?rspiel? 85 Das Gedicht im Ho?rbuch 103 U?ber die Grenze akustischer Mimesis 117 Stimme und Erinnerung 135 Literatur lieber ho?ren? 153 Werke Goethes im Medientransfer: Was kann das Ho?rbuch? 173 Absorption - Aufhorchen - U?berho?ren 189 "Ich benutze tatsa?chlich viele Zeichen aus der Musik." 211 Autorinnen und Autoren 221 330 $aDas Ho?rbuch hat in den letzten Jahren an Beliebtheit und Bedeutung gewonnen. Es ist kaum mehr aus Bibliotheken und Buchhandlungen wegzudenken - und zunehmend zeigt sich auch die Forschung interessiert. Gleichzeitig herrscht noch erheblicher Konturierungsbedarf: Wie die Wortbildung »Ho?r-Buch« bereits andeutet, handelt es sich um einen vielschichtigen Gegenstand, der nicht nur verschiedene Sinne zugleich anspricht, sondern auch in Abha?ngigkeit von der Perspektive, aus der man ihn betrachtet, seine Gestalt vera?ndert. Die Beitra?ge des Bandes widmen sich dieser Vielgestaltigkeit an der Schnittstelle verschiedener Disziplinen. 330 1 $a»Das Buch kann sowohl Studierenden als auch Forschenden als Einstieg in das Arbeitsfeld gute Dienste leisten. Da der Forschungsbedarf auf dem Feld des Ho?rbuchs unstrittig ist, kann dem Sammelband fu?r die Anregungen nur gedankt werden.« Luisa Drews, PhiN, 81 (2017) »Ein sehr ergiebiges Werk, das fu?r alle an der Erforschung von Ho?rbu?chern und Ho?rspielen interessierten Lesern von großem Nutzen sein du?rfte. Den Autorinnen und Autoren gelingt [es], die u?blichen Perspektiven auf das Ho?rbuch vor allem auch durch die Einbeziehung von theaterwissenschaftlichen Aspekten zu bereichern.« Till Kinzel, Informationsmittel (IFB), 25 (2017) Besprochen in: r:k:m, 17.05.2017, Claas Morgenroth 410 0$aEdition Kulturwissenschaft 606 $aHo?rbuch; Ho?rspiel; Medien; Sound; Literatur; Ho?ren; Mu?ndlichkeit; Klang; Allgemeine Literaturwissenschaft; Mediena?sthetik; Literaturwissenschaft; Audio Book; Radio Play; Media; Literature; Hearing; Oral Language; General Literature Studies; Media Aesthetics; Literary Studies; 610 $aGeneral Literature Studies. 610 $aHearing. 610 $aLiterary Studies. 610 $aLiterature. 610 $aMedia Aesthetics. 610 $aMedia. 610 $aOral Language. 610 $aRadio Play. 610 $aSound. 615 4$aHo?rbuch; Ho?rspiel; Medien; Sound; Literatur; Ho?ren; Mu?ndlichkeit; Klang; Allgemeine Literaturwissenschaft; Mediena?sthetik; Literaturwissenschaft; Audio Book; Radio Play; Media; Literature; Hearing; Oral Language; General Literature Studies; Media Aesthetics; Literary Studies; 676 $a028 702 $aBung$b Stephanie$4edt 702 $aSchro?dl$b Jenny$4edt 712 02$aOGeSoMo$4fnd$4http://id.loc.gov/vocabulary/relators/fnd 801 0$bDE-B1597 801 1$bDE-B1597 906 $aBOOK 912 $a996308790203316 996 $aPhänomen Hörbuch$92076114 997 $aUNISA LEADER 03116nam 22005774a 450 001 996213215903316 005 20240410082734.0 010 $a1-280-21346-9 010 $a9786610213467 010 $a0-470-70954-5 010 $a0-470-77608-0 010 $a1-4051-4750-4 035 $a(CKB)1000000000351704 035 $a(SSID)ssj0000097199 035 $a(PQKBManifestationID)11114163 035 $a(PQKBTitleCode)TC0000097199 035 $a(PQKBWorkID)10112290 035 $a(PQKB)10604591 035 $a(MiAaPQ)EBC238354 035 $a(Au-PeEL)EBL238354 035 $a(CaPaEBR)ebr10158557 035 $a(CaONFJC)MIL21346 035 $a(OCoLC)437151730 035 $a(EXLCZ)991000000000351704 100 $a20021003d2002 uy 0 101 0 $aeng 135 $aurcn||||||||| 181 $ctxt 182 $cc 183 $acr 200 00$aAddiction$b[electronic resource] $eevolution of a specialist field /$fedited by Griffith Edwards 205 $a1st ed. 210 $aOsney Mead, OX ;$aMalden, MA $cBlackwell Science$dc2002 215 $aviii, 400 p 300 $aBibliographic Level Mode of Issuance: Monograph 311 $a0-632-05976-1 320 $aIncludes bibliographical references and indexes. 327 $aIntro -- Addiction -- Contents -- Series Foreword -- Preface -- I Addiction Scientists from the USA -- Vincent Dole -- Charles S. Lieber -- John Ball -- LeClair Bissell -- Avram Goldstein -- Howard T. Blane -- Murray Jarvik -- Frederick B. Glaser -- Commentary: Addiction Science in the USA -- II Canadian Addiction Scientists -- Reginald G. Smart -- Martha Sanchez-Craig -- Commentary: A Jewel in the Crown: the ARF, Toronto -- III Australia -- Robert J. Hawke -- Les Drew -- James Rankin -- David Hawks -- David Penington -- Commentary: Practitioner Policymakers -- IV Tobacco Researchers -- Richard Doll -- Charles Fletcher -- Ove Fernö -- Commentary: Pillars of Smoke -- V British Drug Researchers -- Joy Mott -- Thomas Bewley -- Raj Rathod -- Commentary: Nascent Heroin Problems and the Unfolding British Response -- VI High Policy in the USA -- Harold Hughes -- Jerome H. Jaffe -- Commentary: Present at the Creation -- VII Figures from Post-War Europe -- Wilhelm Feuerlein -- Albert Tuyns -- Hans Halbach -- Commentary: Outstanding Scientists in Hard Conditions -- VIII Community Activists in the USA -- David Deitch -- Ignatius McDermott -- Commentary: Back to Becker -- IX Interplay of Research and Policy in Scandinavia -- Klaus Mäkelä -- Gabriel Romanus -- Commentary: Northern Lights: The Interplay of Research and Policies -- X The Specialist Field -- In Their Own Words: Conversations about the Evolution of a Specialist Field -- Interviewees and Interviewers -- Name Index -- Subject Index. 606 $aSubstance abuse 606 $aAddicts 615 0$aSubstance abuse. 615 0$aAddicts. 676 $a362.29 701 $aEdwards$b Griffith$0784896 801 0$bMiAaPQ 801 1$bMiAaPQ 801 2$bMiAaPQ 906 $aBOOK 912 $a996213215903316 996 $aAddiction$91918494 997 $aUNISA